PATHOPHYSIOLOGY (Record no. 33258)

000 -LEADER
fixed length control field 00310nam a2200133Ia 4500
008 - FIXED-LENGTH DATA ELEMENTS--GENERAL INFORMATION
fixed length control field 210215s9999 xx 000 0 und d
020 ## - INTERNATIONAL STANDARD BOOK NUMBER
International Standard Book Number 9789388756457
082 ## - DEWEY DECIMAL CLASSIFICATION NUMBER
Classification number 615.5
Item number SHA-P
100 ## - MAIN ENTRY--PERSONAL NAME
Personal name SHAKYA MANISH KUMAR
245 #0 - TITLE STATEMENT
Title PATHOPHYSIOLOGY
260 ## - PUBLICATION, DISTRIBUTION, ETC.
Name of publisher, distributor, etc. R .NARAIN PRAKASHAN
300 ## - PHYSICAL DESCRIPTION
Extent 232
942 ## - ADDED ENTRY ELEMENTS (KOHA)
Koha item type Book
Holdings
Withdrawn status Lost status Damaged status Not for loan Collection code Permanent Location Current Location Shelving location Date acquired Cost, normal purchase price Total Checkouts Full call number Barcode Date last seen Date last checked out Price effective from Koha item type
          Maharishi School of Pharmaceutical Science (Lucknow) Maharishi School of Pharmaceutical Science (Lucknow) R1S4 2021-02-15 220.00 4 615.5 SOPH1243 2022-06-04 2022-05-31 2021-02-15 Book
          Maharishi School of Pharmaceutical Science (Lucknow) Maharishi School of Pharmaceutical Science (Lucknow) R13S4 2021-02-15 220.00   616.07 SHA-P SOPH1244 2021-02-15   2021-02-15 Reference Book
          Maharishi School of Pharmaceutical Science (Lucknow) Maharishi School of Pharmaceutical Science (Lucknow) R13S4 2021-02-15 220.00 4 616.07 SHA-P SOPH1245 2026-04-21 2026-03-28 2021-02-15 Book
          Maharishi School of Pharmaceutical Science (Lucknow) Maharishi School of Pharmaceutical Science (Lucknow) R13S4 2021-02-15 220.00 1 616.07 SHA-P SOPH1246 2021-04-05 2021-04-05 2021-02-15 Book
          Maharishi School of Pharmaceutical Science (Lucknow) Maharishi School of Pharmaceutical Science (Lucknow) R13S4 2021-02-15 220.00 2 616.07 SHA-P SOPH1247 2022-11-21 2022-11-19 2021-02-15 Book

All Rights Reserved@MUIT

Powered by Koha